01047nam0a22002531 4500001001100000005001700011021001900028035002600047100004100073101000800114102000700122105001800129200024900147210004000396215002200436320005400458606008200512702003400594702003000628712007600658801001800734801002200752852001900774rc\363286820260406193201.0 aRUb[71-42048] a(NLR Aleph) 007825743 a20130115d1970 |||y0rusy50 ca0 arus aRU aa z |||||1 aМетодика магнитных измерений и интерпретации в геофизикеe[Сборник статейfОтв. ред. Н.А. Иванов и А.Н. Бахвалов]gАН СССР. Урал. филиал aСвердловскcБ. и.d1970 a78 с.cил.d22 aСписки лит. в конце статей aМагнитометрическая разведкаjСборники2psbo 1aБахваловbА.Н.4340 1aИвановbН.А.434002aАН СССРbУральский филиал3RU\NLR\AUTH\889955848 0aRUbNLRgpsbo 1aRUbELAR2rusmarc aNLRj71-6/2989